| Поле | Инд. | ПП | Название | Значение |
|---|---|---|---|---|
| Тип записи | a | |||
| Библиографический уровень | m | |||
| 001 | Контрольный номер | RU/LIBMSTU/318612680 | ||
| 005 | Дата корректировки | 20150326110153.8 | ||
| 008 | Кодируемые данные | 100208|||||||||ru |||||||||||000|||rus|| | ||
| 020 | a | ISBN | 978-5-7598-0586-1 | |
| c | Цена, тираж | 289-19 | ||
| 040 | b | Код языка каталог. | rus | |
| 041 | 0_ | a | Код языка текста | rus |
| 084 | a | Индекс другой классификации/Индекс ББК | 65.03 | |
| 090 | a | Полочн. индекс | 65.03 | |
| x | Авторский знак | Э 40 | ||
| 245 | 10 | a | Заглавие | Экономическая история |
| b | Продолж. заглавия | хрестоматия | ||
| c | Ответственность | отв. ред. А. Д. Кузьмичев, С. К. Никитина ; [сост. Г. Д. Гловели и др.] ; Гос. ун-т - Высш. шк. экономики | ||
| 250 | a | Основные сведения об издании | 2-е изд. | |
| 260 | a | Место издания | Москва | |
| b | Издательство | ГУ ВШЭ | ||
| c | Дата издания | 2008 | ||
| 300 | a | Объем | 552 с. | |
| 440 | _0 | a | Серия | Приоритетные национальные проекты. Образование |
| 504 | a | Библиография | Библиогр. в тексте | |
| 650 | 04 | a | Основная рубрика | Экономическая история-Хрестоматии-Учебные издания для высших учебных заведений |
| 651 | _4 | a | Географическое наименование | Европа |
| 651 | _4 | a | Географическое наименование | Венеция |
| 651 | _4 | a | Географическое наименование | Великобритания |
| 651 | _4 | a | Географическое наименование | Япония |
| 651 | _4 | a | Географическое наименование | Россия |
| 651 | _4 | a | Географическое наименование | Германия |
| 651 | _4 | a | Географическое наименование | Китай |
| 651 | _4 | a | Географическое наименование | США |
| 653 | 0_ | a | Ключевые слова | Аграрный вопрос |
| a | Ключевые слова | Древняя Русь | ||
| a | Ключевые слова | Зарубежные страны | ||
| a | Ключевые слова | Землевладение | ||
| a | Ключевые слова | Индустриальная экономика | ||
| a | Ключевые слова | Меркантилизм | ||
| a | Ключевые слова | Мировая экономика | ||
| a | Ключевые слова | Промышленный переворот | ||
| a | Ключевые слова | Реформы | ||
| a | Ключевые слова | Финансовый капитал | ||
| a | Ключевые слова | Экономическая история | ||
| a | Ключевые слова | Экономика мировая | ||
| 700 | 12 | a | Другие авторы | Кузьмичев А. Д. |
| e | Роль лиц | ред. | ||
| 700 | 1_ | a | Другие авторы | Никитина С. К. |
| e | Роль лиц | ред. | ||
| 700 | 1_ | a | Другие авторы | Гловели Г. Д. |
| e | Роль лиц | сост. | ||
| 901 | t | Тип документа | m |